Zákony profesora Parkinsona

Salvato in:
Dettagli Bibliografici
Autore principale: Parkinson, C. Northcote
Altri autori: Hermannová, Zdenka
Natura: Libro
Lingua:ceco
Pubblicazione: Praha Mladá fronta 1966
Serie:Kapka, knihovna pro každého svazek 87
Soggetti:
Tags: Aggiungi Tag
Nessun Tag, puoi essere il primo ad aggiungerne!!

MARC

LEADER 00000nam a2200000 4500
001 c123938
005 20041019155229.9
041 0 |a cze 
044 |a CZ 
245 1 0 |a Zákony profesora Parkinsona  |c C. Northcote Parkinson ; Přeložila: Zdenka Hermannová 
264 1 |a Praha  |b Mladá fronta  |c 1966 
300 |a 146 s. 
490 1 |a Kapka, knihovna pro každého  |v svazek 87 
830 0 |a Kapka, knihovna pro každého  |v svazek 87 
610 2 0 |a práca 
610 2 0 |a kariéra 
100 1 |a Parkinson, C. Northcote 
700 1 |a Hermannová, Zdenka